<?xml version="1.0" encoding="UTF-8"?>
<record
    xmlns:xsi="http://www.w3.org/2001/XMLSchema-instance"
    xsi:schemaLocation="http://www.loc.gov/MARC21/slim http://www.loc.gov/standards/marcxml/schema/MARC21slim.xsd"
    xmlns="http://www.loc.gov/MARC21/slim">

  <leader>00899nam a22002777a 4500</leader>
  <controlfield tag="001">3871</controlfield>
  <controlfield tag="003">OSt</controlfield>
  <controlfield tag="005">20230322071709.0</controlfield>
  <controlfield tag="008">230322b           ||||| |||| 00| 0 eng d</controlfield>
  <datafield tag="020" ind1=" " ind2=" ">
    <subfield code="a">9786210412338</subfield>
  </datafield>
  <datafield tag="040" ind1=" " ind2=" ">
    <subfield code="a">CTUSF</subfield>
    <subfield code="c">CTUSF</subfield>
  </datafield>
  <datafield tag="082" ind1=" " ind2=" ">
    <subfield code="2">23</subfield>
    <subfield code="a">338.479 / C1129</subfield>
  </datafield>
  <datafield tag="245" ind1=" " ind2=" ">
    <subfield code="a">Legal aspects in tourism and hospitality /</subfield>
    <subfield code="c">Danny A. Cabulay and Christine P. Carpio-Aldeguer.</subfield>
    <subfield code="h">unmediated.</subfield>
  </datafield>
  <datafield tag="250" ind1=" " ind2=" ">
    <subfield code="a">First</subfield>
  </datafield>
  <datafield tag="260" ind1=" " ind2=" ">
    <subfield code="a">Metro Manila :</subfield>
    <subfield code="b">Rex Book Store, </subfield>
    <subfield code="c">&#xA9; 2020</subfield>
  </datafield>
  <datafield tag="300" ind1=" " ind2=" ">
    <subfield code="a">xiv, 489p. :</subfield>
    <subfield code="b">illus.,</subfield>
    <subfield code="c">25 cm.</subfield>
  </datafield>
  <datafield tag="490" ind1=" " ind2=" ">
    <subfield code="a">HRM-TOURISM Series</subfield>
  </datafield>
  <datafield tag="505" ind1=" " ind2=" ">
    <subfield code="a">Includes index.</subfield>
  </datafield>
  <datafield tag="650" ind1=" " ind2=" ">
    <subfield code="a">Tourism.</subfield>
    <subfield code="9">77</subfield>
  </datafield>
  <datafield tag="650" ind1=" " ind2=" ">
    <subfield code="a">Tourism management.</subfield>
    <subfield code="9">203</subfield>
  </datafield>
  <datafield tag="650" ind1=" " ind2=" ">
    <subfield code="a">Tourism - Law and legislation.</subfield>
    <subfield code="9">204</subfield>
  </datafield>
  <datafield tag="650" ind1=" " ind2=" ">
    <subfield code="a">Hospitality industry.</subfield>
    <subfield code="9">194</subfield>
  </datafield>
  <datafield tag="650" ind1=" " ind2=" ">
    <subfield code="a">Hospitality - Law and legislation.</subfield>
    <subfield code="9">205</subfield>
  </datafield>
  <datafield tag="700" ind1=" " ind2=" ">
    <subfield code="a">Carpio-Aldeguer, Christine P.</subfield>
    <subfield code="e">author</subfield>
    <subfield code="9">206</subfield>
  </datafield>
  <datafield tag="942" ind1=" " ind2=" ">
    <subfield code="2">ddc</subfield>
    <subfield code="c">BOOKS</subfield>
    <subfield code="e">First</subfield>
    <subfield code="k">338.479</subfield>
  </datafield>
  <datafield tag="952" ind1=" " ind2=" ">
    <subfield code="0">0</subfield>
    <subfield code="1">0</subfield>
    <subfield code="2">ddc</subfield>
    <subfield code="4">0</subfield>
    <subfield code="7">0</subfield>
    <subfield code="8">CBM</subfield>
    <subfield code="a">CTUSF</subfield>
    <subfield code="b">CTUSF</subfield>
    <subfield code="c">CBM</subfield>
    <subfield code="d">2021-05-25</subfield>
    <subfield code="e">Library fund</subfield>
    <subfield code="f">CBM</subfield>
    <subfield code="g">800.00</subfield>
    <subfield code="i">3871</subfield>
    <subfield code="l">0</subfield>
    <subfield code="o">338.479 / C1129</subfield>
    <subfield code="p">CTU3601SF</subfield>
    <subfield code="r">2023-03-22 00:00:00</subfield>
    <subfield code="t">1</subfield>
    <subfield code="w">2023-03-22</subfield>
    <subfield code="y">PB</subfield>
  </datafield>
  <datafield tag="952" ind1=" " ind2=" ">
    <subfield code="0">0</subfield>
    <subfield code="1">0</subfield>
    <subfield code="2">ddc</subfield>
    <subfield code="4">0</subfield>
    <subfield code="7">0</subfield>
    <subfield code="8">CBM</subfield>
    <subfield code="a">CTUSF</subfield>
    <subfield code="b">CTUSF</subfield>
    <subfield code="c">CBM</subfield>
    <subfield code="d">2021-05-25</subfield>
    <subfield code="e">Library fund</subfield>
    <subfield code="f">HM/TM</subfield>
    <subfield code="g">800.00</subfield>
    <subfield code="i">3872</subfield>
    <subfield code="o">338.479 / C1129</subfield>
    <subfield code="p">CTU3602SF</subfield>
    <subfield code="r">2023-03-22 00:00:00</subfield>
    <subfield code="t">2</subfield>
    <subfield code="w">2023-03-22</subfield>
    <subfield code="y">PB</subfield>
  </datafield>
  <datafield tag="952" ind1=" " ind2=" ">
    <subfield code="0">0</subfield>
    <subfield code="1">0</subfield>
    <subfield code="2">ddc</subfield>
    <subfield code="4">0</subfield>
    <subfield code="7">0</subfield>
    <subfield code="8">CBM</subfield>
    <subfield code="a">CTUSF</subfield>
    <subfield code="b">CTUSF</subfield>
    <subfield code="c">CBM</subfield>
    <subfield code="d">2021-05-25</subfield>
    <subfield code="e">Library fund</subfield>
    <subfield code="f">HM/TM</subfield>
    <subfield code="g">800.00</subfield>
    <subfield code="i">3873</subfield>
    <subfield code="o">338.479 / C1129</subfield>
    <subfield code="p">CTU3603SF</subfield>
    <subfield code="r">2023-03-22 00:00:00</subfield>
    <subfield code="t">3</subfield>
    <subfield code="w">2023-03-22</subfield>
    <subfield code="y">PB</subfield>
  </datafield>
  <datafield tag="952" ind1=" " ind2=" ">
    <subfield code="0">0</subfield>
    <subfield code="1">0</subfield>
    <subfield code="2">ddc</subfield>
    <subfield code="4">0</subfield>
    <subfield code="7">0</subfield>
    <subfield code="8">CBM</subfield>
    <subfield code="a">CTUSF</subfield>
    <subfield code="b">CTUSF</subfield>
    <subfield code="c">CBM</subfield>
    <subfield code="d">2021-05-25</subfield>
    <subfield code="e">Library fund</subfield>
    <subfield code="f">HM/TM</subfield>
    <subfield code="g">800.00</subfield>
    <subfield code="i">3874</subfield>
    <subfield code="l">1</subfield>
    <subfield code="m">1</subfield>
    <subfield code="o">338.479 / C1129</subfield>
    <subfield code="p">CTU3604SF</subfield>
    <subfield code="q">2025-04-16</subfield>
    <subfield code="r">2025-04-02 08:49:09</subfield>
    <subfield code="s">2025-04-02</subfield>
    <subfield code="t">4</subfield>
    <subfield code="w">2023-03-22</subfield>
    <subfield code="y">PB</subfield>
  </datafield>
  <datafield tag="952" ind1=" " ind2=" ">
    <subfield code="0">0</subfield>
    <subfield code="1">0</subfield>
    <subfield code="2">ddc</subfield>
    <subfield code="4">0</subfield>
    <subfield code="7">0</subfield>
    <subfield code="8">CBM</subfield>
    <subfield code="a">CTUSF</subfield>
    <subfield code="b">CTUSF</subfield>
    <subfield code="c">CBM</subfield>
    <subfield code="d">2021-05-25</subfield>
    <subfield code="e">Library fund</subfield>
    <subfield code="f">HM/TM</subfield>
    <subfield code="g">800.00</subfield>
    <subfield code="i">3875</subfield>
    <subfield code="l">1</subfield>
    <subfield code="o">338.479 / C1129</subfield>
    <subfield code="p">CTU3605SF</subfield>
    <subfield code="r">2025-04-02 07:47:16</subfield>
    <subfield code="s">2025-04-02</subfield>
    <subfield code="t">5</subfield>
    <subfield code="w">2023-03-22</subfield>
    <subfield code="y">PB</subfield>
  </datafield>
  <datafield tag="999" ind1=" " ind2=" ">
    <subfield code="c">65</subfield>
    <subfield code="d">65</subfield>
  </datafield>
</record>
